000
00345nam a2200133Ia 4500
008
151001s9999||||xx |||||||||||||| ||und||
100
_a
मित्र नरंद्रनाथ
245
_a
महानगर
250
_a
1
260
_b
हिंद पॉकेट बुक्स
260
_c
1982
300
_a
141
365
_b
17
999
_c
961936
_d
961933